I più grandi stadi di calcio del mondo - Statistics

Statistiche generali
  • Questo quiz è stato fatto 73 volte
  • Il punteggio medio è 6 su 20
Statistiche sulle risposte
# Paese Stadio Capacitá % Corretto
18. San Siro Stadio / Stadio Giuseppe Meazza 80,018
92%
10. Estadio Santiago Bernabéu 85,000
88%
2. Camp Nou 99,354
86%
20. Estádio do Maracanã 78,838
74%
6. Wembley Stadium 90,000
74%
3. Estadio Azteca 95,500
44%
14. Stade de France 80,698
39%
13. Westfalenstadion 81,365
27%
11. Estadio Mâs Monumental 84,567
23%
17. Estadio Monumental 80,093
18%
4. FNB Stadium 94,736
11%
7. Lusail Stadium 88,966
11%
15. Luzhniki Stadium 78,011
8%
1. Rungrado 1st of May Stadium 114,000
8%
9. Borg El Arab Stadium 86,000
2%
8. Bukit Jalil National Stadium 87,411
2%
5. New Administrative Capital Stadium 93,940
2%
19. Stade des Martyrs de la Pentecôte 80,000
2%
12. Stadion Internasional Jakarta 82,000
2%
16. Stadium Shah Alam 80,372
2%
Nessun quiz corrispondente trovato
Distribuzione punteggi
Percentuale di utenti per punteggio
Percentile per numero di risposta
I tuoi punteggi nel tempo
Non hai fatto questo quiz